| Tag |
First Indicator |
Second Indicator |
Subfields |
| LEADER |
00000cam a2200000 a 4500 |
| 001 |
in00000018283 |
| 005 |
20151007053211.0 |
| 008 |
880107s1987 dcuac b 00110 eng |
| 010 |
|
|
|a 86071757
|
| 020 |
|
|
|a 0918286441 (pbk.)
|
| 035 |
|
|
|a (OCoLC)16269438
|
| 035 |
|
|
|9 AAB0770AM
|
| 040 |
|
|
|a DLC
|c DLC
|d UtOrBLW
|
| 043 |
|
|
|a n-us---
|
| 049 |
|
|
|a TXAM
|c [A10985869]
|
| 050 |
0 |
0 |
|a HT167
|b .L36 1987
|
| 050 |
|
4 |
|a HD87.5
|b .L66 1987
|
| 082 |
0 |
|
|a 350.007/2/0973
|2 19
|
| 100 |
1 |
|
|a Levin, Melvin R.,
|d 1924-
|
| 245 |
1 |
0 |
|a Planning in government :
|b shaping programs that succeed /
|c Melvin R. Levin.
|
| 264 |
|
1 |
|a Washington, D.C. :
|b Planners Press, American Planning Association,
|c [1987]
|
| 264 |
|
4 |
|c ©1987
|
| 300 |
|
|
|a 257 pages :
|b illustrations, portrait ;
|c 23 cm.
|
| 336 |
|
|
|a text
|b txt
|2 rdacontent
|
| 337 |
|
|
|a unmediated
|b n
|2 rdamedia
|
| 338 |
|
|
|a volume
|b nc
|2 rdacarrier
|
| 504 |
|
|
|a Includes bibliographies and index.
|
| 650 |
|
0 |
|a City planning
|z United States.
|
| 650 |
|
0 |
|a Urban renewal
|z United States.
|
| 650 |
|
0 |
|a Housing policy
|z United States.
|
| 650 |
|
0 |
|a Economic assistance, Domestic
|z United States.
|
| 650 |
|
0 |
|a Planning
|z United States.
|
| 999 |
|
|
|a MARS
|
| 999 |
f |
f |
|s e4cfba08-6d88-3c76-8cc8-183d041ad2a6
|i 45086365-ec30-33df-aa45-61c8c780977e
|t 0
|
| 952 |
f |
f |
|p ric
|a Texas A&M University
|b Rellis Campus
|c Joint Library Facility
|d Remote Storage
|t 0
|e HD87.5 .L66 1987
|h Library of Congress classification
|i unmediated -- volume
|m A14810985869
|
| 998 |
f |
f |
|a HD87.5 .L66 1987
|t 0
|l Remote Storage
|